00654nam a22001695i 450000100060000000300090000600500170001500700030003200800410003504000200007610000500009624501430014626000790028930000210036871000490038985200460043853970ES-MaACL20250907063043.0t|960710s1890 sp ||||1| spa d aCAM bspa cCAM1 aFernández Villaverde, Raimundo, d1848-190510aDiscurso leido por ... Raimundo Fernández Villaverde ... en la solemne apertura de los tribunales celebrada en 15 de septiembre de 1890. aMadrid : b[s.n.], c1890 (fImprenta del Ministerio de Gracia y Justicia) a46 p. ; c24 cm.1 aEspaña. bMinisterio de Gracia y Justicia. aES-MaACLjL-4912(20-4) z.- Donativo Roda